00505nam a2200145 a 450000100100000000500170001000800410002704000250006808200170009310000190011024501040012926000590023330000350029270000320032700002436120200930022938.0110126s1972 ag ac r 001 0 spa d aDO-SdBNPbspacBNPHU axxxxxbS213a1 aSandburg, Carl10aAbraham Lincoln :blos años de la guerra II /ccarl Sandbrug ; traducción Jerónimo Córdoba. aBuenos Aires, Argentina :bLibrería Hachette,c1972. a588 p. :bil. retrs. ;c20 cm.1 aCórdoba, Jerónimo,etr.